| 000 | 01165naa a22003137a 4500 | ||
|---|---|---|---|
| 001 | BR9101825 | ||
| 003 | BR-BrBNA | ||
| 005 | 20250721155402.0 | ||
| 007 | ta | ||
| 008 | 250630b bl.|||m| |||| 00| 0 por d | ||
| 040 |
_aBR-BrBNA _bpor _cBiblioteca Nacional de Agricultura |
||
| 041 | _a(Pt) | ||
| 072 |
_aA50 _b/G514 |
||
| 090 | _aA50 BR9101825 | ||
| 100 | 1 | _aOliveira, V.H. de | |
| 100 | 1 | _aMoura, G. de M. | |
| 100 | 1 | _aPaz, F. das C.A. | |
| 100 | 1 | _aSilva, J.C. da | |
| 111 | 1 |
_a2. Seminario Agropecuario do Acre _cRio Branco, AC (Brazil) _d13-17 Oct 1986 |
|
| 245 | 1 | _aSubsidios para implantacao de uma politica de pesquisa agropecuaria para o estado do Acre | |
| 500 | _aAnais do 2. Seminario Agropecuario do Acre Rio Branco, AC (Brasil): 1988. p. 85-104 (BR9101825-AMS) | ||
| 773 | 0 |
_tAnais do 2. Seminario Agropecuario do Acre _wA50 BR9101825 _gRio Branco, AC (Brasil), 1988. p. 85-104 |
|
| 650 | _aPOLITICA DE PESQUISA | ||
| 650 | _aDIRETRIZ | ||
| 650 | _aACRE | ||
| 490 |
_aDocumentos - Unidade de Execucao de Pesquisa de Ambito Estadual de Rio Branco (Brazil) _vNo. 10 |
||
| 942 |
_cAMS _2AGRIS |
||
| 909 |
_a202506 _bLúcia _c55 _dLúcia Elande |
||
| 999 |
_c336207 _d336207 |
||